000 01301nam a22003377a 4500
003 CHAP
005 20220329143314.0
008 080417d2007 mx r 00110 spa d
010 _a94716
011 _a95688
035 _a106317
040 _cCHAP
090 _aTesis
100 1 _aGuzmán Trujillo, Héctor.
_952026
245 1 0 _aControl del gorgojo del maíz (Sitophilus zeamais Motschulsky) (Coleóptera: Curculionidae) con insecticidas comerciales de malatión in vitro
_c/por Héctor Guzmán Trujillo
260 _aCocula, Gro. :
_bEl autor,
_c2007
300 _a48 h. :
_bilus. ; gráfs. ; cuadros
502 _aTesis (Ing. Agr. Fitotecnista) -- Colegio Superior Agropecuario del Estado de Guerrero. Centro de Estudios Profesionales
590 _aALEPH
_b10
_c20130110
_lUCH01
_h1522
590 _aBATCH-UPD
_b10
_c20130110
_lUCH01
_h0629
590 _aBATCH-UPD
_b10
_c20130410
_lUCH01
_h0312
590 _aBATCH-UPD
_b10
_c20130914
_lUCH01
_h1043
590 _aCONVERSION
_b10
_c20130109
_lUCH01
_h1352
650 1 4 _aControl de plagas.
_927595
650 1 4 _aInsecticidas.
_958855
650 1 4 _aMaíz
_xAlmacenamiento
_xPlagas.
_970854
650 1 4 _aSitophilus zeamais.
_9106790
901 _aBK
942 _cTESIS
949 _aTesis
_bBC
_cTES
_d33724002041248
_eTS1
_gDonaciØn
_h47614
_i106317
_sb
999 _c94716
_d94716